Strombus publication of the Conquiliologistas do Brasil.

"The Strombus, the Publication of the Conquiliologistas do Brasil, is intended to publish original scientific articles on malacology."--Journal website.

Detalles Bibliográficos
Autor Corporativo: Conquiliologistas do Brasil (Organization)
Formato: Electrónico Revista
Lenguaje:inglés
portugués
Publicado: São Paulo : Conquiliologistas do Brasil
Materias:
Acceso en línea:Full text available from Research Library: 01/01/2008 to 12/31/2016
Full text available from Research Library: 01/01/2018 to present

MARC

LEADER 00000nas a2200000 a 4500
001 ssj0000401232
003 WaSeSS
005 20200512172242.0
006 m d
007 cr n
008 100713c19989999bl fr p s 0 0eng c
010 |a  2010235253 
022 |l 1415-2827  |y 1415-2827 
035 |a (WaSeSS)ssj0000401232 
040 |a SMI  |b eng  |c SMI  |d HUL  |d OCLCQ  |d OCLCF  |d OCLCO  |d OCLCA  |d WaSeSS 
041 0 |a eng  |a por  |b eng  |b por 
042 |a pcc 
043 |a s-bl--- 
210 0 |a Strombus  |b (Impr.) 
222 0 |a Strombus  |b (Impresso) 
245 0 0 |a Strombus  |h [electronic resource] :  |b publication of the Conquiliologistas do Brasil. 
260 |a São Paulo :  |b Conquiliologistas do Brasil 
310 |a Semiannual,  |b <2009>- 
362 1 |a Began with: Vol. 1 (1998). 
506 |a License restrictions may limit access. 
515 |a Some issues published in combined form. 
520 |a "The Strombus, the Publication of the Conquiliologistas do Brasil, is intended to publish original scientific articles on malacology."--Journal website. 
546 |a Articles mainly in English with some in Portuguese; abstracts in English and Portuguese. 
588 |a Description based on: Vol. 16, no. 1-2 (Dec. 28, 2009); title from title page. 
588 |a Latest issue consulted: Vol. 16, no. 1-2 (Dec. 28, 2009). 
650 0 |a Mollusks  |z Brazil  |v Periodicals. 
650 0 |a Shells  |z Brazil  |v Periodicals. 
650 7 |a Mollusks.  |2 fast  |0 (OCoLC)fst01024905 
650 7 |a Shells.  |2 fast  |0 (OCoLC)fst01115719 
651 7 |a Brazil.  |2 fast  |0 (OCoLC)fst01206830 
655 0 |a Electronic journals. 
710 2 |a Conquiliologistas do Brasil (Organization) 
856 4 0 |z Full text available from Research Library: 01/01/2008 to 12/31/2016  |u https://search.proquest.com/publication/54957 
856 4 0 |z Full text available from Research Library: 01/01/2018 to present  |u https://search.proquest.com/publication/54957